MARC details
| 001 - CONTROL NUMBER |
| control field |
16890324 |
| 003 - CONTROL NUMBER IDENTIFIER |
| control field |
0000 |
| 005 - DATE AND TIME OF LATEST TRANSACTION |
| control field |
20251016111856.0 |
| 008 - FIXED-LENGTH DATA ELEMENTS--GENERAL INFORMATION |
| fixed length control field |
110726s2011 enka b 001 0 eng d |
| 010 ## - LIBRARY OF CONGRESS CONTROL NUMBER |
| LC control number |
2011377921 |
| 016 7# - NATIONAL BIBLIOGRAPHIC AGENCY CONTROL NUMBER |
| Record control number |
015690163 |
| Source |
Uk |
| 020 ## - INTERNATIONAL STANDARD BOOK NUMBER |
| International Standard Book Number |
978-0-19-884891-2 |
| 035 ## - SYSTEM CONTROL NUMBER |
| System control number |
16890324 |
| 035 ## - SYSTEM CONTROL NUMBER |
| System control number |
(OCoLC)679931053 |
| 040 ## - CATALOGING SOURCE |
| Original cataloging agency |
BTCTA |
| Language of cataloging |
eng |
| Transcribing agency |
BTCTA |
| Modifying agency |
YDXCP |
| -- |
NLE |
| -- |
VP@ |
| -- |
ITJCU |
| -- |
UAB |
| -- |
IUL |
| -- |
UKMGB |
| -- |
BDX |
| -- |
DLC |
| Description conventions |
rda |
| 042 ## - AUTHENTICATION CODE |
| Authentication code |
lccopycat |
| 050 00 - LIBRARY OF CONGRESS CALL NUMBER |
| Classification number |
RC 263 .J36 |
| 082 04 - DEWEY DECIMAL CLASSIFICATION NUMBER |
| Classification number |
616.994 |
| Edition number |
22 |
| 100 1# - MAIN ENTRY--PERSONAL NAME |
| Personal name |
James, Nicholas |
| Fuller form of name |
(Nicholas D.) |
| 245 10 - TITLE STATEMENT |
| Title |
Cancer : |
| Remainder of title |
a very short introduction / |
| Statement of responsibility, etc |
Nicholas James. |
| 250 ## - EDITION STATEMENT |
| Edition statement |
Second Edition |
| 260 ## - PUBLICATION, DISTRIBUTION, ETC. (IMPRINT) |
| Place of publication, distribution, etc |
Oxford ; |
| -- |
New York : |
| Name of publisher, distributor, etc |
Oxford University Press, |
| Date of publication, distribution, etc |
2011. |
| 264 ## - PUBLICATION, DISTRIBUTION, ETC. (IMPRINT) |
| Place of publication, distribution, etc |
Oxford University Press |
| 300 ## - PHYSICAL DESCRIPTION |
| Extent |
xiv, 137 p. : |
| Other physical details |
ill. ; |
| Dimensions |
18 cm. |
| 336 ## - CONTENT TYPE |
| Content type term |
text |
| Content type code |
txt |
| Source |
rdacontent |
| 337 ## - MEDIA TYPE |
| Media type term |
unmediated |
| Media type code |
n |
| Source |
rdamedia |
| 338 ## - CARRIER TYPE |
| Carrier type term |
volume |
| Carrier type code |
nc |
| Source |
rdacarrier |
| 490 1# - SERIES STATEMENT |
| Series statement |
Very short introductions ; |
| Volume number/sequential designation |
267 |
| 500 ## - GENERAL NOTE |
| General note |
Includes bibliographical references and index. |
| 504 ## - BIBLIOGRAPHY, ETC. NOTE |
| Bibliography, etc |
Includes bibliographical references (p. 125-127) and index. |
| 505 0# - FORMATTED CONTENTS NOTE |
| Formatted contents note |
The size of the cancer problem -- How does cancer develop -- How is cancer treated -- Cancer research -- The costs of cancer care -- Alternative and complementary approaches to cancer care -- The future shape of cancer care. |
| 650 #0 - SUBJECT ADDED ENTRY--TOPICAL TERM |
| Topical term or geographic name as entry element |
Cancer |
| Form subdivision |
Popular works. |
| 830 #0 - SERIES ADDED ENTRY--UNIFORM TITLE |
| Uniform title |
Very short introductions ; |
| Volume number/sequential designation |
267. |
| 856 42 - ELECTRONIC LOCATION AND ACCESS |
| Materials specified |
Contributor biographical information |
| Uniform Resource Identifier |
<a href="http://www.loc.gov/catdir/enhancements/fy1409/2011377921-b.html">http://www.loc.gov/catdir/enhancements/fy1409/2011377921-b.html</a> |
| 856 42 - ELECTRONIC LOCATION AND ACCESS |
| Materials specified |
Publisher description |
| Uniform Resource Identifier |
<a href="http://www.loc.gov/catdir/enhancements/fy1409/2011377921-d.html">http://www.loc.gov/catdir/enhancements/fy1409/2011377921-d.html</a> |
| 856 41 - ELECTRONIC LOCATION AND ACCESS |
| Materials specified |
Table of contents only |
| Uniform Resource Identifier |
<a href="http://www.loc.gov/catdir/enhancements/fy1409/2011377921-t.html">http://www.loc.gov/catdir/enhancements/fy1409/2011377921-t.html</a> |
| 906 ## - LOCAL DATA ELEMENT F, LDF (RLIN) |
| a |
7 |
| b |
cbc |
| c |
copycat |
| d |
2 |
| e |
ncip |
| f |
20 |
| g |
y-gencatlg |
| 942 ## - ADDED ENTRY ELEMENTS (KOHA) |
| Source of classification or shelving scheme |
Library of Congress Classification |
| Koha item type |
Books |